The Role of foreign aid in economic development of Muslim countries : a study of selected countries /
Saved in:
| Main Author: | |
|---|---|
| Format: | Thesis |
| Language: | English |
| Published: |
Petaling Jaya :
International Islamic University Malaysia,
1992
|
| Subjects: | |
| Online Access: | http://studentrepo.iium.edu.my/handle/123456789/3643 |
| Tags: |
Add Tag
No Tags, Be the first to tag this record!
|
| LEADER | 018960000a22003610004500 | ||
|---|---|---|---|
| 001 | 90955 | ||
| 005 | 20100111145500.0 | ||
| 008 | 961128s1992 my 000 0 eng | ||
| 035 | |a 317839 | ||
| 035 | |a (Sirsi) 90955 | ||
| 040 | |a UIAM |b eng | ||
| 043 | |a a------ f------ | ||
| 049 | |b m | ||
| 050 | |a HC499 | ||
| 100 | 1 | |a Sokoto, Abu Bakr Abdullah | |
| 245 | 1 | 4 | |a The Role of foreign aid in economic development of Muslim countries : |b a study of selected countries / |c by Abu Bakr Abdullah Sokoto |
| 260 | 1 | |a Petaling Jaya : |b International Islamic University Malaysia, |c 1992 | |
| 300 | |a 43 p. ; |c 30 cm. | ||
| 500 | |a "Submitted to the Graduate Committee Kulliyyah of Economics and Management, International Islamic University, Malaysia in partial fulfillment of the requirements for the Degree of Master of Economics."--On t.p. | ||
| 502 | |a Thesis (M.A.) --International Islamic University Malaysia, 1992 | ||
| 504 | |a Includes bibliographical references (leaves 42-43). | ||
| 596 | |a 1 | ||
| 650 | 0 | |a Economic assistance |z Islamic countries | |
| 651 | 0 | |a Islamic countries |v Congresses |x Economic conditions | |
| 655 | 0 | 7 | |a Theses, IIUM local |
| 690 | 0 | |a Dissertations, Academic |x Department of Economics |z IIUM | |
| 710 | 2 | |a International Islamic University Malaysia. |b Kulliyyah of Economics and Management Sciences | |
| 856 | 4 | |u http://studentrepo.iium.edu.my/handle/123456789/3643 | |
| 900 | |a imj-zai | ||
| 999 | |c 430694 |d 462185 | ||
| 952 | |0 0 |6 T HC499S683R 1992 |7 0 |8 THESES |9 750005 |a IIUM |b IIUM |c MULTIMEDIA |g 0.00 |o t HC499S683R 1992 |p 00000317843 |r 2017-10-19 |t 2 |v 0.00 |y THESIS | ||
| 952 | |0 0 |6 LU T HC499S683R 1992 |7 0 |8 THESES |9 750006 |a IIUM |b IIUM |c CLOSEACCES |g 0.00 |o lu t HC499S683R 1992 |p 00010981518 |r 2017-10-27 |t 1 |v 0.00 |y THESIS | ||
| 952 | |0 0 |6 TS CDF HC499S683R 1992 |7 0 |8 THESES |9 791151 |a IIUM |b IIUM |c MULTIMEDIA |g 0.00 |o ts cdf HC499S683R 1992 |p 11100325834 |r 2017-10-26 |t 1 |v 0.00 |y THESISDIG | ||
